Sports Quiz

Random Sports or MLB Quiz
Score 0/25 Timer 05:00
0 Plays Today
% Correct
Ryan Howard
100%
Cliff Lee
97.3%
Bobby Abreu
95.9%
Pete Rose, Jr. and Pete Rose, Sr.
95.9%
Curt Schilling
94.6%
Charlie Manuel
93.2%
Delmon Young
85.1%
Lenny Dykstra
83.8%
Mitch Williams
82.4%
Gabe Kapler
78.4%
Hunter Pence
78.4%
Larry Bowa
75.7%
Pete Incaviglia
71.6%
% Correct
Jim Fregosi
67.6%
Jim Eisenreich
64.9%
Bob Uecker
59.5%
Fernando Valenzuela
58.1%
Dickie Thon
55.4%
Paul Quantrill
52.7%
Ricky Jordan
51.4%
Ron Gant
50%
Abraham Nunez
47.3%
Johnny Callison
39.2%
Jose Offerman
24.3%
Jon Zuber
5.4%
Remove Ads.
Support Sporcle.
Get the best of Sporcle when you Go Orange. This ad-free experience offers more features, more stats, and more fun while also helping to support Sporcle. Thank you for becoming a member.

You're not logged in!

Compare scores with friends on all Sporcle quizzes.
OR
Log In

Show Comments

Extras

Top Quizzes Today


Score Distribution

Your Account Isn't Verified!

In order to create a playlist on Sporcle, you need to verify the email address you used during registration. Go to your Sporcle Settings to finish the process.

Report this User

Report this user for behavior that violates our Community Guidelines.

Details: